HOORAY FOR TEETH ! / (Record no. 180298)

MARC details
000 -LEADER
fixed length control field 01072nam a22003371i 4500
003 - CONTROL NUMBER IDENTIFIER
control field OSt
005 - DATE AND TIME OF LATEST TRANSACTION
control field 20201201120206.0
008 - FIXED-LENGTH DATA ELEMENTS--GENERAL INFORMATION
fixed length control field 201201t20012001nyua|||jr|||| 000 1 eng d
020 ## - INTERNATIONAL STANDARD BOOK NUMBER
International Standard Book Number 0439206421
Qualifying information paperback
International Standard Book Number 078073003990
Qualifying information paperback
040 ## - CATALOGING SOURCE
Original cataloging agency PPAK
Language of cataloging eng
Transcribing agency PPAK
Description conventions rda
082 04 - DEWEY DECIMAL CLASSIFICATION NUMBER
Edition number 23
Classification number 813.54
090 ## - LOCALLY ASSIGNED LC-TYPE CALL NUMBER (OCLC); LOCAL CALL NUMBER (RLIN)
Classification number (OCLC) (R) ; Classification number, CALL (RLIN) (NR) 813.54
Feature heading SHA
Feature heading K
100 1# - MAIN ENTRY--PERSONAL NAME
Personal name Shaw, Gina.
Relator term author
245 10 - TITLE STATEMENT
Title HOORAY FOR TEETH ! /
Statement of responsibility, etc. by Gina Shaw ; Illustrated by Greg Neri.
264 #1 - PRODUCTION, PUBLICATION, DISTRIBUTION, MANUFACTURE, AND COPYRIGHT NOTICE
Place of production, publication, distribution, manufacture New York :
Name of producer, publisher, distributor, manufacturer Scholastic,
Date of production, publication, distribution, manufacture, or copyright notice 2001
Date of production, publication, distribution, manufacture, or copyright notice ©2001
300 ## - PHYSICAL DESCRIPTION
Extent 30 unnumbered pages :
Other physical details colour illustrations ;
Dimensions 23
336 ## - CONTENT TYPE
Source rdacontent
Content type term text
337 ## - MEDIA TYPE
Source rdamedia
Media type term unmediated
338 ## - CARRIER TYPE
Source rdacarrier
Carrier type term volume
490 1# - SERIES STATEMENT
Series statement Hello reader!
Volume/sequential designation Level 2
500 ## - GENERAL NOTE
General note "Cartwheel books"
520 ## - SUMMARY, ETC.
Summary, etc. Offers young readers information about their teeth, including how to care for them properly.
521 ## - TARGET AUDIENCE NOTE
Target audience note Kindergarten- Grade 2
Target audience note Ages 5-7
650 #0 - SUBJECT ADDED ENTRY--TOPICAL TERM
Topical term or geographic name entry element Teeth
General subdivision Fiction
700 1# - ADDED ENTRY--PERSONAL NAME
Personal name Neri, Greg,
Relator term illustrator.
830 #0 - SERIES ADDED ENTRY--UNIFORM TITLE
Uniform title Hello reader!
Volume/sequential designation Level 2.
942 ## - ADDED ENTRY ELEMENTS (KOHA)
Source of classification or shelving scheme Dewey Decimal Classification
Koha item type Book
Holdings
Withdrawn Not for loan Current library Shelving location Date acquired Full call number Barcode Date last seen Koha item type
    Perpustakaan Alor Setar Pinjaman Kanak-kanak 02/12/2020 K 813.54 SHA A00740447 02/12/2020 Book